Statistics for Name all the constituent countries

Click here to take the quiz!

General Stats

  • This quiz has been taken 32 times
  • The average score is 23 of 53

Answer Stats

Answer% Correct
England
92%
Scotland
92%
Wales
92%
Federation of Bosnia and Herzegovina
88%
Dubai
84%
Faroe Islands
76%
Greenland
76%
Abu Dhabi
72%
Denmark
72%
Aruba
68%
Curaçao
64%
Netherlands
64%
Sint Maarten
64%
Republika Srpska
52%
Chechnya
48%
New Zealand
48%
Niue
48%
Cook Islands
44%
Tatarstan
44%
Dagestan
40%
North Ossetia-Alania
40%
Sharjah
40%
Adygea
36%
Bashkortostan
36%
Chuvashia
36%
French Polynesia
36%
Ingushetia
36%
Karachay-Cherkessia
36%
Karelia
36%
Komi
36%
Puntland
36%
Ross Dependency
36%
Tokelau
36%
Tuva
36%
Altai
32%
Buryatia
32%
Kabardino-Balkaria
32%
Kalmykia
32%
Mari El
32%
New Caledonia
32%
Wallis and Futuna
32%
Fujairah
28%
Khakassia
28%
Mordovia
28%
Sakha
28%
Udmurtia
28%
Umm al-Quwain
28%
Ajman
24%
Ras al-Khaimah
24%
Galmudug
16%
Hirshabelle State
16%
Jubaland
16%
South West State of Somalia
16%

Score Distribution

Percentile by Number Answered

Percent of People with Each Score

Your Score History

You have not taken this quiz